<The> relative importance of demand and supply shocks. Some international evidence.
Analýza vplyvu ponukových a dopytových šokov na kolísanie výroby, zamestnanosti, úrokových sadzieb a inflácie pri použití štvrťročných údajov zo 4 krajín (USA, Veľká Británia, SRN a Švajčiarsko) v období 1966-1988. Stupne odlišnosti výsledkov vo všetkých 4 krajinách.
Saved in:
| Main Author: | |
|---|---|
| Format: | Book Chapter |
| Language: | English |
| Subjects: | |
| Tags: |
No Tags, Be the first to tag this record!
|
MARC
| LEADER | 00000naa a2200000 4500 | ||
|---|---|---|---|
| 001 | r011768 | ||
| 005 | 20221130112737.5 | ||
| 041 | 0 | |a eng | |
| 044 | |a DE | ||
| 245 | 1 | 0 | |a <The> relative importance of demand and supply shocks. Some international evidence. |c P. Kugler |
| 520 | |a Analýza vplyvu ponukových a dopytových šokov na kolísanie výroby, zamestnanosti, úrokových sadzieb a inflácie pri použití štvrťročných údajov zo 4 krajín (USA, Veľká Británia, SRN a Švajčiarsko) v období 1966-1988. Stupne odlišnosti výsledkov vo všetkých 4 krajinách. | ||
| 610 | 2 | 0 | |a ponuka |
| 610 | 2 | 0 | |a dopyt |
| 610 | 2 | 0 | |a výroba |
| 610 | 2 | 0 | |a zamestnanosť |
| 610 | 2 | 0 | |a modely |
| 610 | 2 | 0 | |a USA |
| 610 | 2 | 0 | |a Veľká Británia |
| 610 | 2 | 0 | |a Nemecko |
| 610 | 2 | 0 | |a Švajčiarsko |
| 610 | 2 | 0 | |a sadzby úrokové |
| 610 | 2 | 0 | |a inflácia |
| 100 | 1 | |a Kugler, P. | |